| 000 | 01392nam a22001937a 4500 | ||
|---|---|---|---|
| 999 |
_c64093 _d64093 |
||
| 003 | Ge_BSU | ||
| 005 | 20260330121859.0 | ||
| 008 | 260330s1996 ge ||||| |||| 00| 0 geo d | ||
| 041 | _ageo | ||
| 080 | _a339(073) ს-16 | ||
| 245 |
_aსავაჭრო საწარმოს ეკონომიკა : _cრედ ე. ბოლოკაძე; ივ. ჯავახიშვილი სახელობის თბილისის სახელმწიფო უნივერსიტეტი. საქონელმიმოქცევის ეკონომიკისა და მარკეტინგის კათედრა. _bსახელმძღვანელო / |
||
| 264 |
_aთბილისი : _bშპშ ქართული ფილმი, _c1996. |
||
| 300 |
_a252 გვ.: _b20 სმ. |
||
| 504 | _aბიბლიოგრ. გვ. 246-247 | ||
| 653 | _aსავაჭრო ეკონომიკის პროგრამები | ||
| 700 |
_aბოლოკაძე, ე. _eრედაქტორი _927236 |
||
| 710 |
_aთბილისის სახელმწიფო უნივერსიტეტი. _bსაქონელმიმოქცევის ეკონომიკისა და ორგანიზაციის კათედრა _927237 |
||
| 942 |
_2udc _cᲬᲘᲒᲜᲘ |
||